03666nam a22001937a 450000500170000000800410001702000150005804000070007308200200008010000200010024501160012026000510023630000310028752030580031865000210337665000200339765000330341770000220345020211124162441.0211124b ||||| |||| 00| 0 eng d a0520083237 cAL 223a355.8bHACE aBarton C Hacker aElements of Controversy: The Atomic Energy Commission And Radiation Safety In Nuclear Weapons Testing 1947-1974 aBerkeleybUniversity of California Pressc1994 axxiv,614 p.bHBc23x16 cm. aUnforgettable congressional hearings in 1978 revealed that fallout from American nuclear weapons testing in the 1950s had overexposed hundreds of soldiers and other citizens to radiation. Faith in governmental integrity was shaken, and many people have assumed that such overexposure caused great damage. Yet important questions remain--the most controversial being: did the radiation overexposure in fact cause the cancers and birth defects for which it has been blamed? Elements of Controversy is the result of a decade of exhaustive research in AEC documentary records and the full clinical and epidemiological literature on radiation effects. More concerned with uncovering the historical story than with assigning blame, Barton Hacker concludes that every precaution was taken by the AEC to avoid harming test participants or bystanders. And, he points out, the biomedical literature suggests that these precautions worked. Yet top officials in Washington--for whom the success of nuclear weapons was of overriding importance--had asserted that testing involved no risks at all. Discrepancies between unverifiable government claims and the revelations that some actual risk was present explain the origins and angry persistence of the controversies, Hacker argues. The Department of Energy delayed publication of Hacker's study for five years, and while his controversial book is sure to draw objections from both sides of the radiation-hazard debates, it will provide a much-needed guide to understanding their polemics. Unforgettable congressional hearings in 1978 revealed that fallout from American nuclear weapons testing in the 1950s had overexposed hundreds of soldiers and other citizens to radiation. Faith in governmental integrity was shaken, and many people have assumed that such overexposure caused great damage. Yet important questions remain--the most controversial being: did the radiation overexposure in fact cause the cancers and birth defects for which it has been blamed? Elements of Controversy is the result of a decade of exhaustive research in AEC documentary records and the full clinical and epidemiological literature on radiation effects. More concerned with uncovering the historical story than with assigning blame, Barton Hacker concludes that every precaution was taken by the AEC to avoid harming test participants or bystanders. And, he points out, the biomedical literature suggests that these precautions worked. Yet top officials in Washington--for whom the success of nuclear weapons was of overriding importance--had asserted that testing involved no risks at all. Discrepancies between unverifiable government claims and the revelations that some actual risk was present explain the origins and angry persistence of the controversies, Hacker argues. The Department of Energy delayed publication of Hacker's study for five years, and while his controversial book is sure to draw objections from both sides of the radiation-hazard debates, it will provide a much-needed guide to understanding their polemics. aMilitary Science aNuclear Weapons aU S Atomic Energy Commission aHACKER (Barton C)